000 00370nam a2200157Ia 4500
003 Ost
005 20260225132554.0
008 260225s9999||||xx |||||||||||||| ||und||
040 _cfsic
041 _afre
082 _a440
100 _aAiguillon Benoit
_eAuteur
245 0 _aUn demi-siècle de journal télévisé /
245 0 _cAiguillon Benoit
942 _cكتاب
999 _c34354
_d34354